Espacios lineales finitodimensionales
Gespeichert in:
| 1. Verfasser: | |
|---|---|
| Format: | Buch |
| Sprache: | Spanisch |
| Veröffentlicht: |
Temuco
Universidad de La Frontera
2001
|
| Ausgabe: | 3a. ed |
| Schlagworte: | |
| Tags: |
Tag hinzufügen
Keine Tags, Fügen Sie den ersten Tag hinzu!
|
MARC
| LEADER | 00000cam a2200000 a 4500 | ||
|---|---|---|---|
| 001 | UCC5784 | ||
| 003 | CL-VaPUC | ||
| 008 | 181031e20010000cl |||||||||||||||||spa|d | ||
| 020 | |a 9562360368 | ||
| 082 | 0 | 4 | |a 516.4 |b BAE |2 21 |
| 100 | 0 | |a Baeza Vega, Rodolfo |e author |9 600153 | |
| 245 | 1 | 0 | |a Espacios lineales finitodimensionales |
| 250 | |a 3a. ed | ||
| 300 | |a 238 p | ||
| 942 | |c BK | ||
| 945 | |d 20181031 17:21:00 |a dcastane | ||
| 260 | |a Temuco |b Universidad de La Frontera |c 2001 | ||
| 650 | 7 | |a GEOMETRIA AFIN |2 CL-VaPUC |9 271228 | |
| 650 | 7 | |a GEOMETRIA DE CONJUNTOS |2 CL-VaPUC |9 426032 | |
| 650 | 0 | |a Grafos |9 344754 | |
| 650 | 7 | |a ESPACIOS FINITOS |2 CL-VaPUC |9 600154 | |
| 650 | 7 | |a ESPACIOS LINEALES |2 CL-VaPUC |9 422403 | |
| 583 | |a last modification |c 20181031 17:21:00 |k Rodrigo Vera | ||
| 999 | |c 372898 |d 372896 | ||
| 952 | |0 0 |1 0 |3 erb |4 0 |6 516_400000000000000_BAE_2001 |7 0 |8 A |9 490779 |a BIBMAT |b BIBMAT |i 5510406 |o 516.4 BAE 2001 |p 5510406 |r 2025-01-07 |w 2019-11-24 |y BK |z Catalogado en:20181031 |k MAT | ||